Punkty widokowe państw #2 - Statystyki

Ogólne statystyki
  • Ten quiz został rozwiązany 148 razy
  • Średni wynik to 17 z 22
Statystyki odpowiedzi
Punkt orientacyjny Państwo % Poprawnych
Wieża Eiffla Francja
100%
Brama Brandenburska Niemcy
100%
Wielki Kanion Stany Zjednoczone
99%
Stonehenge Wielka Brytania
98%
Partenon Grecja
96%
Fudżi Japonia
94%
Panteon (oryginalny) Włochy
93%
Sagrada Familia Hiszpania
87%
Teotihuacan Meksyk
87%
Sognefjord Norwegia
84%
Wodospad Salto Angel Wenezuela
82%
Mała Syrenka Dania
76%
Uluru Australia
75%
Krakatoa Indonezja
69%
Persepolis Iran
69%
Błękitny Meczet Turcja
69%
Świątynia Luksorska Egipt
68%
Świątynia Lotosu Indie
67%
Jezioro Moraine Kanada
50%
Wyspy Palmowe Zjednoczone Emiraty Arabskie
46%
Pałac Potala Chiny
38%
Merlion Singapur
38%
Nie znaleziono quizów pasujących do podanych kryteriów
Rozkład punktacji
Procent ludzi z każdym wynikiem
Percentyl według liczby udzielonych odpowiedzi
Twoja historia wyników
Nie rozwiązałeś tego quizu